Creation and management of economic leverage (Record no. 12181)

MARC details
000 -LEADER
fixed length control field 00481nam a2200157Ia 4500
082 ## - DEWEY DECIMAL CLASSIFICATION NUMBER
Classification number TP.0269
100 ## - MAIN ENTRY--AUTHOR NAME
Personal name Perumal, Chendrayan Chendroya
245 #0 - TITLE STATEMENT
Title Creation and management of economic leverage
260 ## - PUBLICATION, DISTRIBUTION, ETC. (IMPRINT)
Year of publication 1986
Name of publisher Indian Institute of Technology, Kharagpur
300 ## - PHYSICAL DESCRIPTION
Number of Pages Appendices at the end + C D -
650 ## - SUBJECT ADDED ENTRY--TOPICAL TERM
Topical Term ECONOMETRIC MODELS - INDIA
650 ## - SUBJECT ADDED ENTRY--TOPICAL TERM
Topical Term ECONOMIC LEVERAGE - INDIA
650 ## - SUBJECT ADDED ENTRY--TOPICAL TERM
Topical Term INDUSTRIAL MANAGEMENT - INDIA
710 ## - ADDED ENTRY--CORPORATE NAME
Corporate name or jurisdiction name as entry element Trivedi, M.L.
942 ## - ADDED ENTRY ELEMENTS (KOHA)
Koha item type Thesis
Source of classification or shelving scheme Dewey Decimal Classification
Holdings
Withdrawn status Lost status Damaged status Not for loan Home library Current library Date acquired Bill Date Full call number Accession Number Price effective from Koha item type
        NASSDOC Library NASSDOC Library 08/10/2004 2004-10-22 TP.0269 26666 18/04/2019 Thesis